书目信息 |
| 题名: |
元和郡县图志
|
|
| 作者: | 李吉甫 撰 | |
| 分册: | 上 | |
| 出版信息: | 北京 中华书局 1983.06 |
|
| 页数: | 586页 | |
| 开本: | 19cm | |
| 丛书名: | 中国古代地理总志丛刊 | |
| 单 册: | ||
| 中图分类: | K290.42 | |
| 科图分类: | ||
| 主题词: | 中国--地方史 , 中国--地方志 | |
| 电子资源: | ||
| ISBN: | ||
| 000 | 00640nam0 2200229 45 | |
| 001 | 0405170907 | |
| 005 | 20060309110426.71 | |
| 010 | @dCNY2.25 | |
| 091 | @a11018.1025 | |
| 100 | @a20040517d1983 km y0chiy0120 ea | |
| 101 | 0 | @achi |
| 200 | 1 | @a元和郡县图志@AYuan He Jun Xian Tu Zhi@h上@f(唐)李吉甫撰@F(Tang)Li Ji Fu Zhuan |
| 210 | @a北京@c中华书局@d1983.06 | |
| 215 | @a586页@d19cm | |
| 225 | @a中国古代地理总志丛刊 | |
| 410 | @12001 @a中国古代地理总志丛刊 | |
| 606 | 0 | @a中国@x地方史 |
| 606 | 0 | @a中国@x地方志 |
| 690 | @aK290.42@v3 | |
| 701 | 0 | @a李吉甫@4撰 |
| 801 | @aCN@bPftUser@c20060309 | |
| 905 | @f1@b94997@dK290.42@e30:1 | |
| 元和郡县图志.上/(唐)李吉甫撰.-北京:中华书局,1983.06 |
| 586页;19cm.-(中国古代地理总志丛刊) |
| ISBN :CNY2.25 |
| ● |
| 相关链接 |
|
|
|
|
正题名:元和郡县图志
索取号:K290.42/30:1
 
预约/预借
| 序号 | 登录号 | 条形码 | 馆藏地/架位号 | 状态 | 备注 |
| 1 | 0094996 | 000357090 | 第二样本阅览室/ [索取号:K290.42/30:1] | 在馆 | |
| 2 | 0094997 | 000357107 | 第二借阅区/ [索取号:K290.42/30:1] | 在馆 | |
| 3 | 0094998 | 202191092 | 密集书库/ [索取号:K290.42/30:1] | 在馆 |